LEADER 01049nam2 22002651i 450 001 RML0308592 005 20231121125750.0 100 $a20121121f ||||0itac50 ba 101 | $aita 102 $ait 181 1$6z01$ai $bxxxe 182 1$6z01$an 200 1 $a˜Vol. 2. œLombardia$eparte prima$fTouring club italiano 210 $aMilano $cTouring Club Italiano $d1931 215 $a253 p.$cill.$d29 cm. 461 1$1001RML0308590$12001 $aAttraverso l'Italia$eillustrazioni delle regioni italiane$fTouring Club italiano 710 02$aTouring club italiano$3RMLV173461$05623 801 3$aIT$bIT-01$c20121121 850 $aIT-FR0017 899 $aBiblioteca umanistica Giorgio Aprea$bFR0017 912 $aRML0308592 950 2$aBiblioteca umanistica Giorgio Aprea$d 52CIS D.M.A.B./601.1$e 52VM 0000788015 VM barcode:76769-10. - Inventario:35090. - Fondo:Laboratorio Valorizzazione TerritorialeVM$fB $h20090415$i20121204 977 $a 52 996 $aLombardia$9148875 997 $aUNICAS LEADER 01191nam0 22003131i 450 001 UON00229350 005 20231205103453.749 100 $a20030730d1974 |0itac50 ba 101 $aita 102 $aIT 105 $a|||| ||||| 200 1 $aˆLa ‰ questione ebraica e altri scritti giovanili$fKarl Marx 205 $a3. ed 210 $aRoma$cEditori Riuniti$d1974 215 $a138 p.$d18 cm. 410 1$1001UON00171533$12001 $aˆLe ‰Idee$1210 $aRoma$cEditori Riuniti.$v31 606 $aEBREI$xSTUDI$3UONC041656$2FI 606 $aGIUDAISMO$3UONC015451$2FI 620 $aIT$dRoma$3UONL000004 676 $a335.4$cSOCIALISMO MARXISTA, COMUNISMO$v21 700 1$aMarx$bKarl$3UONV008384$032587 712 $aEditori Riuniti$3UONV246707$4650 790 0$aMAKESI$zMarx, Karl$3UONV008385 801 $aIT$bSOL$c20250620$gRICA 899 $aSIBA - SISTEMA BIBLIOTECARIO DI ATENEO$2UONSI 912 $aUON00229350 950 $aSIBA - SISTEMA BIBLIOTECARIO DI ATENEO$dSI FS FS SMARRITO $eSI LO 1725 6 SMARRITO $sSmarrito 996 $aQuestione ebraica e altri scritti giovanili$9458072 997 $aUNIOR